|
|
|
|
| LEADER |
00000nab a2200000ua 4500 |
| 001 |
vtls010791349 |
| 003 |
SK-MaSNL |
| 005 |
20260303120304.0 |
| 008 |
230131s1973 xo |||||||||||||||||slo| |
| 035 |
|
|
|a (urnnbn)urn:nbn:sk:snk:ar-a0031o
|
| 035 |
|
|
|a (uuid)38ed9667-1817-431a-9cf9-8d8c6b5c39fa
|
| 035 |
|
|
|a urn:nbn:sk:snk-ab4zuj
|
| 040 |
|
|
|a SNKBUCL
|b slo
|c SNKBUCL
|e AACR2
|
| 041 |
0 |
|
|a slo
|
| 044 |
|
|
|a xo
|c SK
|
| 100 |
1 |
|
|a Píš, Emil
|4 aut
|9 268794
|
| 245 |
1 |
0 |
|a Hodnota včelieho medu
|c Emil Píš
|
| 773 |
0 |
|
|t Včelár : odborný časopis Povereníctva poľnohospodárstva a lesného hospodárstva a Ústredia včelárskych združení na Slovensku
|g Roč. 47, č. 12 (1973), s. 279
|
| 954 |
|
|
|a odborná, vedecká literatúra pôvodná (slovenská)
|2 lita
|
| 958 |
|
|
|a OND
|
| 958 |
|
|
|a EUIPO
|
| 958 |
|
|
|a article3
|
| 999 |
|
|
|c 1908644
|d 1910574
|